The new international lesson annual. (Record no. 2637)

MARC details
000 -LEADER
fixed length control field 01371cas a2200385 a 4500
001 - CONTROL NUMBER
control field 11455451
003 - CONTROL NUMBER IDENTIFIER
control field GBCCL
005 - DATE AND TIME OF LATEST TRANSACTION
control field 20241126110434.0
008 - FIXED-LENGTH DATA ELEMENTS--GENERAL INFORMATION
fixed length control field 950518c199u9999tnuar 0 a0eng c
010 ## -
-- 95648438
016 7# -
-- 013585508
-- Uk
022 ## - INTERNATIONAL STANDARD SERIAL NUMBER
International Standard Serial Number 1084-872X
ISSN-L [OBSOLETE] 1084-872X
Incorrect ISSN 0074-6770
Source 1
035 ## - SYSTEM CONTROL NUMBER
System control number (OCoLC)ocm32498357
037 ## - SOURCE OF ACQUISITION
Source of stock number/acquisition Abingdon Press, The United Methodist Publishing House, P.O. Box 801, Nashville, TN 37202
040 ## - CATALOGING SOURCE
Original cataloging agency IFA
Language of cataloging eng
Transcribing agency IFA
Modifying agency DLC
-- NSD
-- OCLCQ
-- UKMGB
-- OCLCQ
-- OCLCF
-- YDXCP
-- OCLCO
042 ## -
-- pcc
-- nsdp
050 00 -
-- BV1560
-- .I64
082 00 - DEWEY DECIMAL CLASSIFICATION NUMBER
Classification number 268.61
Item number NEW
210 0# -
-- New int. lesson annu.
222 #4 -
-- The new international lesson annual
245 04 - TITLE STATEMENT
Title The new international lesson annual.
260 ## - PUBLICATION, DISTRIBUTION, ETC.
Place of publication, distribution, etc. Nashville :
Name of publisher, distributor, etc. Abingdon Press
300 ## - PHYSICAL DESCRIPTION
Extent v. ;
Dimensions 24 cm.
310 ## -
-- Annual
588 ## - SOURCE OF DESCRIPTION NOTE
Source of description note Description based on: Sept. 1995-Aug. 96.
590 ## - LOCAL NOTE (RLIN)
Local note SERBIB/SERLOC merged record
630 00 - SUBJECT ADDED ENTRY--UNIFORM TITLE
Uniform title International Sunday school lessons
Form subdivision Periodicals.
9 (RLIN) 474
630 07 - SUBJECT ADDED ENTRY--UNIFORM TITLE
Uniform title International Sunday school lessons.
Source of heading or term fast
Authority record control number or standard number (OCoLC)fst01357555
9 (RLIN) 2919
655 #7 - INDEX TERM--GENRE/FORM
Genre/form data or focus term Periodicals.
Source of term fast
Authority record control number or standard number (OCoLC)fst01411641
9 (RLIN) 5568
780 00 - PRECEDING ENTRY
Title International lesson annual
International Standard Serial Number 0074-6770
Record control number (DLC) 55006961
-- (OCoLC)2369568
906 ## - LOCAL DATA ELEMENT F, LDF (RLIN)
a 7
b cbc
c serials
d u
e ncip
f 19
g n-oclcserc
942 ## - ADDED ENTRY ELEMENTS (KOHA)
Source of classification or shelving scheme Dewey Decimal Classification
Koha item type Books
Holdings
Withdrawn status Lost status Source of classification or shelving scheme Damaged status Not for loan Home library Current Library Shelving location Date acquired Total checkouts Full call number Barcode Date last seen Copy number Price effective from Koha item type
    Dewey Decimal Classification     GRACE BIBLE COLLEGE GRACE BIBLE COLLEGE Ministry & Mission 2017-09-06   268.61 NEW 007917 2025-05-01 c.1 2017-09-06 Books
    Dewey Decimal Classification     GRACE BIBLE COLLEGE GRACE BIBLE COLLEGE Ministry & Mission 2018-09-10   268.61 NEW 003673 2025-05-01 c.2 2018-09-10 Books
    Dewey Decimal Classification     GRACE BIBLE COLLEGE GRACE BIBLE COLLEGE Ministry & Mission 2018-09-11   268.61 NEW 003776 2025-05-01 c.3 2018-09-11 Books
    Dewey Decimal Classification     GRACE BIBLE COLLEGE GRACE BIBLE COLLEGE Ministry & Mission 2018-09-11   268.61 NEW 003777 2025-05-01 c.4 2018-09-11 Books
    Dewey Decimal Classification     GRACE BIBLE COLLEGE GRACE BIBLE COLLEGE Ministry & Mission 2018-09-11   268.61 NEW 003809 2025-05-01 c.5 2018-09-11 Books
    Dewey Decimal Classification     GRACE BIBLE COLLEGE GRACE BIBLE COLLEGE Ministry & Mission 2018-09-11   268.61 NEW 003810 2025-05-01 c.6 2018-09-11 Books
© Grace Bible College Library 2025